1154 1415 1733 1706 1998 1944 1043 1904 1631 1985 1957 1410 1848 1342 1191 1461 1682 1783 1182 1236 1145 1889 1522 1281 1473 1901 1315 1711 1531 1238 1904 1067 1575 1999 1339 1938 1416 1673 1618 1091 1221 1521 1302 1700 1284 1555 1637 1773 1474 1970 1006 1297 1733 1360 1925 1443 1442 1683 1195 1578 1319 1668 1757 1167 1211 1043 1043 1640 1311 1128 1451 1382 1535 1638 1446 1210 1349 1722 1318 1336 1026 1748 1720 1847 1387 1267 1546 1731 1714 1812 1585 1926 1901 1040 1537 1749 1757 1633 1884 BCNSPRNW ULIB Ver.6.0+V

เปลี่ยนเป็นภาษาไทย

Change to English
 แสดงรายละเอียดบรรณานุกรม
  กลับหน้าหลัก

Brief Record : Get Marc (ISO 2709) : E-mail record : QR code < ปิดหน้าต่าง
LEADER : 00000nam a2200000Ia 4500
001    13399125476
003     ULIB
008    170515s2559 th a b 000 0 tha d
020    ^a9789744668462
040    ^absi
060 04 ^aWS200^bตร367 ล.1
245 00 ^aตำรากุมารเวชศาสตร์ :^bสำหรับนักศึกษาแพทย์และแพทย์เวชปฏิบัติ.^nเล่ม 1= Textbook of pediatrics /^cบรรณาธิการ, สุขเกษม โฆษิตเศรษฐ... [และคนอื่นๆ]
246 31 ^aTextbook of pediatrics
250    ^aพิมพ์ครั้งที่ 1
260    ^aปทุมธานี :^bภาควิชากุมารเวชศาสตร์ คณะแพทยศาสตร์มหาวิทยาธรรมศาสตร์,^c2559
300    ^a748 หน้า :^bภาพประกอบ ;^c26 ซม.
650  4 ^aกุมารเวชศาสตร์
650  4 ^aเด็ก^xโรค
700 0  ^aสุขเกษม โฆษิตเศรษฐ,^eบรรณาธิการ
710 2  ^aมหาวิทยาลัยธรรมศาสตร์.^bคณะแพทยศาสตร์.^bภาควิชากุมารเวชศาสตร์
945    ^p750^l0^i25142
945    ^p750^l0^i25143
995    ^aกัณชพร
999    ^aกัณชพร
รายการนี้ยังไม่มีแท็ก
คุณยังไม่ได้ล็อกอิน คุณสามารถมีกิจกรรมร่วมกับเว็บไซต์ได้ แต่ต้องล็อกอินก่อน ::
  ล็อกอิน

รายการสื่อสารสนเทศ

ลำดับที่ ประเภท เลขเรียก/บาร์โค้ด สถานที่ สถานะ
1. หนังสือสำรอง
หนังสือสำรอง
WS200 ตร367 ล.1 ฉ.1 
  Barcode: 25142
ห้องสมุดวิทยาเขตนครสวรรค์
►หนังสือทั่วไป:l:General Books
บนชั้น
2. วิทยาศาสตร์การแพทย์ และสุขภาพ
วิทยาศาสตร์การแพทย์ และสุขภาพ
WS200 ตร367 ล.1 ฉ.2 
  Barcode: 25143
ห้องสมุดวิทยาเขตนครสวรรค์
►หนังสือทั่วไป:l:General Books
บนชั้น

รายการใกล้เคียง
    หัวเรื่อง [กุมารเวชศาสตร์]

BibComment


ยังไม่เคยถูกคอมเมนท์

คอมเมนท์ทรัพยากรรายการนี้
  คอมเมนท์: ตำรากุมารเวชศาสต..


 Copyright 2026. Bcnsprnw @Library